00586 2200193 4500001002100000005001500021035002000036007000300056008004100059020002200100082000800122084001400130100001900144245011600163260004600279300003400325650001300359990002000372INLIS00000000000299820260512074535 a0010-0526000089ta260512 f 0 ind  a978-623-515-506-7 a100 a100 YUL p1 aYulianti, Tika1 aPengantar Filsafat Untuk Pemula :bKupas Tuntas Aspek - Aspek Filsafat dari Era Yunani Kuno Hingga Zaman Modern aYogyakarta :bAnak Hebat Indonesia,c2025 axiv + 370 hlm. ;c14 x 20 cm. 4aFilsafat a20260514.05.003